| Tag |
First Indicator |
Second Indicator |
Subfields |
| LEADER |
00000cam a22000008a 4500 |
| 001 |
in00000089170 |
| 005 |
20151008065330.0 |
| 008 |
820301s1982 wb b 10000 eng |
| 010 |
|
|
|a 82003219
|
| 020 |
|
|
|a 038711212X (U.S.)
|
| 035 |
|
|
|a (OCoLC)08283556
|
| 035 |
|
|
|9 AAK5764AM
|
| 039 |
0 |
|
|a 2
|b 3
|c 3
|d 3
|e 3
|
| 040 |
|
|
|a DLC
|c DLC
|d TXA
|d UtOrBLW
|
| 049 |
|
|
|a TXAM
|c [1196799]
|
| 050 |
0 |
0 |
|a QA76.6
|b .L594 1981
|
| 082 |
0 |
|
|a 519.7
|2 19
|
| 111 |
2 |
|
|a Logics of Programs Workshop
|d (1981 :
|c Yorktown Heights, N.Y.)
|
| 245 |
1 |
0 |
|a Logics of Programs Workshop, Yorktown Heights, New York, May 1981 /
|c edited by Dexter Kozen.
|
| 263 |
|
|
|a 8204
|
| 264 |
|
1 |
|a Berlin ;
|a New York :
|b Springer-Verlag,
|c 1982.
|
| 300 |
|
|
|a vi, 429 pages ;
|c 25 cm.
|
| 336 |
|
|
|a text
|b txt
|2 rdacontent
|
| 337 |
|
|
|a unmediated
|b n
|2 rdamedia
|
| 338 |
|
|
|a volume
|b nc
|2 rdacarrier
|
| 490 |
1 |
|
|a Lecture notes in computer science ;
|v 131
|
| 504 |
|
|
|a Includes bibliographies.
|
| 650 |
|
0 |
|a Computer programming
|v Congresses.
|
| 700 |
1 |
|
|a Kozen, Dexter,
|d 1951-
|
| 830 |
|
0 |
|a Lecture notes in computer science ;
|v 131.
|
| 999 |
|
|
|a MARS
|
| 999 |
f |
f |
|s e0ee0a04-2e32-3a57-a671-0599c8fd241e
|i 1e0588d1-5ec5-3322-ade0-7da820645649
|t 0
|
| 952 |
f |
f |
|p ric
|a Texas A&M University
|b Rellis Campus
|c Joint Library Facility
|d Remote Storage
|t 0
|e QA76.6 .L594 1981
|h Library of Congress classification
|i unmediated -- volume
|m A14806201782
|
| 998 |
f |
f |
|a QA76.6 .L594 1981
|t 0
|l Remote Storage
|